| 000 | 00635nam a22001937a 4500 | ||
|---|---|---|---|
| 005 | 20251108165502.0 | ||
| 008 | 250721s1987 xx 000 0 ara d | ||
| 082 | 1 | 4 | _aم/217.5/صرص |
| 100 | 1 | _aالصرصري، نجم الدين أبو الربيع سليمان | |
| 245 | 1 | 0 | _aشرح مختصر الروضة / |
| 264 | 1 |
_aبيروت : _bمؤسسة الرسالة، _c1987. |
|
| 300 | _aج | ||
| 650 | 1 | 7 | _aالإسلام |
| 650 | 1 | 7 | _aالفقه الإسلامي |
| 650 | 1 | 7 | _aالفقه الحنبلي |
| 700 | 1 |
_aالتركي، عبد الله بن عبد المحسن _eتحقيق |
|
| 942 |
_2ddc _cREF |
||
| 999 |
_c29045 _d29045 |
||